000 00490nam a2200181Ia 4500
005 20250508151732.0
008 008 250505s9999 xx 000 0 eng d
037 _aTextual
040 _aFEDL
_beng
_cFEDL
041 _aeng
_2eng
084 _a808.8, OXF
_qFEDL
245 0 _aOxford dictionary of quotations
250 _a2nd
260 _aLondon, UK
_bOxford University Press
_c1954
300 _axix,1003p.
942 _cTEXL
_h808.8, OXF
999 _c1331790
_d1331790